000 01190nam2a22002891 4500
001 rc\4970857
005 20250613052451.0
021 _aRU
_b68-63077
021 _aRU
_b68-63080
021 _aRU
_b68-63071
021 _aRU
_bРг6324-68
021 _aRU
_b68-63088
035 _a(NLR Aleph) 008963860
090 _a9081400
_c9081400
100 _a20130430d1968 |||y0rusy50 ca
101 0 _arus
102 _aRU
105 _ay z |||||
200 0 _a№ 39
210 _d1968
_aБ. м.
215 _a45 с.
_d20
461 0 _1001rc\3334352
_12001#$aТрактовый указатель маршрутов почтовых вагонов и пароходов Союза ССР$eСводка изменений...$fМ-во связи СССР. Гл. почтовое упр.$v№ 39
_96978036
_cМосква
_d1971
_fМ-во связи СССР. Гл. почтовое упр.
_nСвязь
_oСводка изменений...
_tТрактовый указатель маршрутов почтовых вагонов и пароходов Союза ССР
_v№ 39
801 0 _aRU
_bNLR
_gpsbo
801 1 _aRU
_bELAR
_2rusmarc
852 _aNLR
_j67-9/42доп.
942 _cBOOK
980 _aNB